BIBLIOTECA

SENCICO

Proceso de diseño para anteproyecto de diseño interior / (Registro nro. 4490)

Detalles MARC
000 -LEADER
fixed length control field 00991nam a22002417a 4500
003 - CONTROL NUMBER IDENTIFIER
control field PE SENCICO BE
005 - DATE AND TIME OF LATEST TRANSACTION
control field 20251020182649.0
008 - FIXED-LENGTH DATA ELEMENTS--GENERAL INFORMATION
fixed length control field 240110b |||||||| |||| 00| 0 eng d
040 ## - CATALOGING SOURCE
Original cataloging agency PE SENCICO BE
Transcribing agency PE SENCICO BE
041 ## - LANGUAGE CODE
Language code of text/sound track or separate title spa
084 ## - OTHER CLASSIFICATION NUMBER
Classification number I
-- DIS
-- 2014
Item number C74
100 1# - MAIN ENTRY--PERSONAL NAME
9 (RLIN) 1859
Personal name Concha Vidal, Deborah Pamela
Relator term autor
245 1# - TITLE STATEMENT
Title Proceso de diseño para anteproyecto de diseño interior /
Statement of responsibility, etc. Deborah Pamela Concha Vidal
260 ## - PUBLICATION, DISTRIBUTION, ETC.
Place of publication, distribution, etc. Lima :
Date of publication, distribution, etc. 2014
300 ## - PHYSICAL DESCRIPTION
Extent [40] h. :
Other physical details il. col. ;
Dimensions 30 cm.
502 ## - DISSERTATION NOTE
Dissertation note Monografía de Titulación.-- Servicio Nacional de Capacitación para la Industria de la Construcción. Escuela Superior Técnica. Carrera Profesional Técnica en Diseño de Interiores, 2014
650 10 - SUBJECT ADDED ENTRY--TOPICAL TERM
9 (RLIN) 44
Topical term or geographic name entry element Diseño de interiores
650 20 - SUBJECT ADDED ENTRY--TOPICAL TERM
9 (RLIN) 66
Topical term or geographic name entry element Restaurantes
650 20 - SUBJECT ADDED ENTRY--TOPICAL TERM
9 (RLIN) 9
Topical term or geographic name entry element Espacios interiores
710 1# - ADDED ENTRY--CORPORATE NAME
Corporate name or jurisdiction name as entry element Servicio Nacional de Capacitación para la Industria de la Construcción.
Subordinate unit Escuela Superior Técnica
9 (RLIN) 1065
910 ## - USER-OPTION DATA (OCLC)
-- hfp
-- hfp
942 ## - ADDED ENTRY ELEMENTS (KOHA)
Koha item type Monografía de Titulación
Existencias
Fecha de la última vez que lo usaron Número de ingreso o de inventario Pago total Signatura topográfica completa Código de barras Precio efectivo desde Tipo de documento Estado perdido Estado dañado No es para préstamo Retirado Ubicación permanente Ubicación actual Fecha de adquisición
10/01/2024 I-00314   I/DIS/2014/C74 BibLima24010028 10/01/2024 Monografía de Titulación         Biblioteca Central Lima Biblioteca Central Lima 10/01/2024